Statistics for 4 Letter Word Chain Game

Click here to take the quiz!

General Stats

  • This quiz has been taken 1,369 times
  • The average score is 16 of 24

Answer Stats

Hint Answer % Correct
cannot heardeaf
97%
EU currencyeuro
94%
maizecorn
88%
no feelingnumb
87%
Middle Eastern countryoman
85%
birthday suitnude
84%
crustaceancrab
83%
testexam
82%
French cheesebrie
75%
holds the sailmast
74%
periodic elementzinc
74%
a member of the National Socialist German Workers' Partynazi
72%
indian breadnaan
72%
slang for policefuzz
65%
Shakespearebard
63%
japanese fighting stylesumo
58%
contraction of it wastwas
58%
country in OceaniaFiji
57%
clay cookerkiln
54%
journeytrek
49%
an organ of a vascular plant and the principal lateral appendage of the stemleaf
47%
wild goat of mountainous Europeibex
37%
German car companyOpel
34%
the only 4-letter English word that begins with x (it has no true vowels)xyst
13%

Score Distribution

Percentile by Number Answered

Percent of People with Each Score

Your Score History

You have not taken this quiz